00323nam a2200121Ia 4500008004100000041000800041082001400049100002000063245004100083260004400124300002400168365000900192240624s9999 xx 000 0 und d aeng a332.6 FAB aFABOZZI FRANK J aINVESTING IN ASSET BACKED SECURITIES c2001aPennsylvaniabJohn Wiley and Sons a540 : p. : cm. ; 24 cb30